00977cam a22002651 450000100060000000300080000600500170001400800410003103500190007203500190009104000400011004100080015008200230015810000280018124500790020926000450028830000300033349000430036350400300040665100490043665100450048594200120053099900170054295201520055926855BD-RjUL20211209051057.0140323s1965 njub b 000 0 eng  a(BD-RjUL)26926 a(BD-RjUL)26926 aDLCcODaWUdOCoLCdUkdBD-RjULbeng aeng a309.154bNEI 19651 aNeale, Walter C.98253610aIndia: the search for unity, democracy and progress /cby Walter C. Neale. aPrinceton, N.J. :bVan Nostrand ,c1965. a128 p. :bmaps. ;c21 cm.0 aVan Nostrand searchlight book,vno. 24 aBibliography: p. 123-125. 0aIndiaxPolitics and governmenty1947-982537 0aIndiaxEconomic conditionsy1947-982538 2ddccBK c26855d26855 00102ddc40728NFICaRUCLbRUCLcReadingd1970-03-02eSweets & Zeitlingerg14.00l0o309.154 NEI 1965r2014-03-23 00:00:00tC-1w2014-03-23yBK